| 000 | 00546nam a2200217Ia 4500 | ||
|---|---|---|---|
| 008 | 160901s9999 xx 000 0 und d | ||
| 020 | _a978-0-7645-7994-3 | ||
| 050 | _aComSc QA 76.76 | ||
| 050 | _b.O63B44 2005 | ||
| 245 | _aBeginning UNIX / | ||
| 245 | _cPaul Love⦠[et al] | ||
| 260 | _aIndiana : | ||
| 260 | _bWiley Pub., Inc., | ||
| 260 | _c2005 | ||
| 300 | _a447 pages : | ||
| 300 | _bill. ; | ||
| 300 | _c23 cm. | ||
| 500 | _aIncludes index. | ||
| 650 | _aUNIX (Computer file). | ||
| 650 | _xOperating systems (Computers). | ||
| 999 |
_c300890 _d300890 |
||